| 000 | 00452nam a22001577a 4500 | ||
|---|---|---|---|
| 003 | NUST - PNEC | ||
| 005 | 20170116181010.0 | ||
| 008 | 150913b xxu||||| |||| 00| 0 eng d | ||
| 040 | _cLIBRARY | ||
| 082 | _a621.38 BER | ||
| 100 |
_910159 _aBerlin, Howard M. |
||
| 245 |
_aFundamentals of operational amplifier and linear integrated circuits _cBerlin, Howard M. |
||
| 260 | _cc.1992 | ||
| 650 |
_910158 _bElectrical engineering _xEE |
||
| 942 |
_2ddc _cBK |
||
| 999 |
_c67081 _d67081 |
||